00618cam a22002171 4500001000800000005001700008008004100025010001700066020001500083035001900098040001800117042001200135050002400147100003500171245001800206260003200224300001800256490002900274500003700303500006000340900728020171205123020.0770309s1970 ke 000 1 swa  a 73983026  a0435909711 a(OCoLC)2788100 aDLCcMBUdDLC apremarc00aPR 9381.9 .N48 20040 aNgũgĩ wa Thiongʾo,d1938-10aMtawa mweusi. aNairobi,bE.A.E.P.,c[1970] a84 p.c19 cm.0 aWaandishi wa Kiafrika S2 aTranslation of The black hermit. aPublished under the author's earlier name: James Ngugi.